[Event "Morgan Stanley Charity 2018"]
[Site "Budapest"]
[Date "2018.09.14"]
[Round "3"]
[White "Gara, Ticia"]
[Black "Jusup, Matej"]
[Result "1-0"]
[WhiteElo "2321"]
[BlackElo "2235"]
[Annotator "ChessBase"]
[PlyCount "57"]
[EventDate "2018.09.14"]
[EventType "team-tourn"]
[EventCountry "HUN"]
[SourceTitle "playchess.com"]
[Source "ChessBase"]
[SourceQuality "1"]
[TimeControl "1200+10"]

1. e4 {[%emt 0:00:03]} e5 {[%emt 0:00:02]} 2. Nf3 {[%emt 0:00:02]} Nf6 {[%emt 0:00:02]} 3. Nxe5 {[%emt 0:00:33]} d6 {[%emt 0:00:06]} 4. Nf3 {[%emt 0:00:02]} Nxe4 {[%emt 0:00:02]} 5. d3 {[%emt 0:00:24]} Nf6 {[%emt 0:00:06]} 6. d4 {[%emt 0:00:08]} Bg4 {[%emt 0:00:59]} 7. Be2 {[%emt 0:00:27]} g6 {[%emt 0:01:48]} 8. O-O {[%emt 0:00:08]} Bg7 {[%emt 0:00:04]} 9. h3 {[%emt 0:00:04]} Bf5 {[%emt 0:00:44]} 10. Bb5+ {[%emt 0:00:47]} c6 {[%emt 0:00:29]} 11. Re1+ {[%emt 0:00:02]} Kf8 {[%emt 0:00:17]} 12. Bd3 {[%emt 0:00:15]} Bxd3 {[%emt 0:00:24]} 13. Qxd3 {[%emt 0:00:01]} Na6 {[%emt 0:00:15]} 14. Bf4 {[%emt 0:00:54]} Nc7 {[%emt 0:00:16]} 15. c4 {[%emt 0:00:29]} Ne6 {[%emt 0:01:08]} 16. Bg3 {[%emt 0:00:11]} d5 {[%emt 0:01:24]} 17. Nc3 {[%emt 0:00:32]} h6 {[%emt 0:00:22]} 18. Ne5 {[%emt 0:01:01]} Ng5 {[%emt 0:00:36]} 19. cxd5 {[%emt 0:01:40]} Nxd5 {[%emt 0:01:14]} 20. h4 {[%emt 0:04:36]} Nh7 {[%emt 0:01:06]} 21. Ne4 {[%emt 0:00:39]} Rg8 {[%emt 0:03:11]} 22. Nxf7 {[%emt 0:02:21]} Kxf7 {[%emt 0:00:57]} 23. Nd6+ {[%emt 0:00:02]} Kf8 {[%emt 0:00:45]} 24. Qxg6 {[%emt 0:00:14]} Qd7 {[%emt 0:01:36]} 25. Qxh7 {[%emt 0:00:06]} Nf6 {[%emt 0:01:01]} 26. Qg6 {[%emt 0:00:46]} h5 {[%emt 0:00:25]} 27. Nf5 {[%emt 0:00:37]} Bh8 {[%emt 0:01:26]} 28. Qh6+ {[%emt 0:00:45]} Kf7 {[%emt 0:00:53]} 29. Nd6+ 1-0

[Event "Morgan Stanley Charity 2018"]
[Site "Budapest"]
[Date "2018.09.14"]
[Round "3"]
[White "Torok, Sandor"]
[Black "Gara, Anita"]
[Result "1-0"]
[WhiteElo "2276"]
[BlackElo "2370"]
[Annotator "NA"]
[PlyCount "83"]
[EventDate "2018.09.14"]
[EventType "team-tourn"]
[EventCountry "HUN"]
[SourceTitle "playchess.com"]
[Source "ChessBase"]
[SourceQuality "1"]
[TimeControl "1200+10"]

1. e4 {[%emt 0:00:02]} c5 {[%emt 0:00:01]} 2. Nf3 {[%emt 0:00:02]} Nc6 {[%emt 0:00:02]} 3. d4 {[%emt 0:00:01]} cxd4 {[%emt 0:00:04]} 4. Nxd4 {[%emt 0:00:02]} e5 {[%emt 0:00:04]} 5. Nb5 {[%emt 0:00:12]} d6 {[%emt 0:00:02]} 6. Bc4 {[%emt 0:02:25]} Na5 {[%emt 0:05:48]} 7. Bd5 {[%emt 0:00:46]} Nf6 {[%emt 0:00:32]} 8. c4 {[%emt 0:02:54]} Be7 {[%emt 0:00:14]} 9. O-O {[%emt 0:00:32]} O-O {[%emt 0:00:04]} 10. b3 {[%emt 0:00:49]} a6 {[%emt 0:00:36]} 11. N5c3 {[%emt 0:00:01]} Nc6 {[%emt 0:00:09]} 12. f4 {[%emt 0:01:03]} Ng4 {[%emt 0:02:00]} 13. Kh1 {[%emt 0:00:33]} exf4 {[%emt 0:00:54]} 14. Bxf4 {[%emt 0:01:18]} Bg5 {[%emt 0:01:10]} 15. Qd2 {[%emt 0:00:31]} Bxf4 {[%emt 0:00:16]} 16. Qxf4 {[%emt 0:00:04]} Nce5 {[%emt 0:01:17]} 17. h3 {[%emt 0:00:50]} Nf6 {[%emt 0:00:02]} 18. Nd2 {[%emt 0:01:36]} Nh5 {[%emt 0:00:08]} 19. Qe3 {[%emt 0:00:46]} Qh4 {[%emt 0:01:04]} 20. Kg1 {[%emt 0:00:15]} Kh8 {[%emt 0:01:33]} 21. Nf3 {[%emt 0:02:44]} Qe7 {[%emt 0:01:10]} 22. Nxe5 {[%emt 0:01:19]} dxe5 {[%emt 0:00:02]} 23. Ne2 {[%emt 0:01:48]} Be6 {[%emt 0:00:15]} 24. Rad1 {[%emt 0:00:10]} Nf6 {[%emt 0:01:02]} 25. Ng3 {[%emt 0:00:37]} a5 {[%emt 0:01:33]} 26. Qb6 {[%emt 0:00:21]} a4 {[%emt 0:01:35]} 27. b4 {[%emt 0:00:23]} Nd7 {[%emt 0:00:58]} 28. Qb5 {[%emt 0:00:38]} Bxd5 {[%emt 0:00:36]} 29. Rxd5 {[%emt 0:00:30]} Nf6 {[%emt 0:00:46]} 30. Rxe5 {[%emt 0:01:02]} Qd8 {[%emt 0:00:02]} 31. Nf5 {[%emt 0:00:25]} g6 {[%emt 0:00:08]} 32. Ne7 {[%emt 0:00:20]} Qd4+ {[%emt 0:00:16]} 33. Kh2 {[%emt 0:00:04]} Nxe4 {[%emt 0:00:25]} 34. Rd5 Qe3 {[%emt 0:00:12]} 35. Rf3 {[%emt 0:00:23]} Qe1 {[%emt 0:00:14]} 36. Qb6 {[%emt 0:00:05]} Rae8 {[%emt 0:00:27]} 37. Re3 {[%emt 0:00:14]} Qf2 {[%emt 0:00:01]} 38. Qd4+ {[%emt 0:00:02]} Nf6 {[%emt 0:00:17]} 39. Rd6 {[%emt 0:00:16]} Kg7 {[%emt 0:00:05]} 40. Rxf6 {[%emt 0:00:04]} Qxf6 {[%emt 0:00:08]} 41. Nf5+ {[%emt 0:00:02]} gxf5 {[%emt 0:00:26]} 42. Rg3+ {[%emt 0:00:00]} 1-0

[Event "Morgan Stanley Charity 2018"]
[Site "Budapest"]
[Date "2018.09.14"]
[Round "3"]
[White "Novaky, Csaba"]
[Black "Terbe, Julianna"]
[Result "0-1"]
[WhiteElo "2088"]
[BlackElo "2260"]
[Annotator "NA"]
[PlyCount "164"]
[EventDate "2018.09.14"]
[EventType "team-tourn"]
[EventCountry "HUN"]
[SourceTitle "playchess.com"]
[Source "ChessBase"]
[SourceQuality "1"]
[TimeControl "1200+10"]

1. e4 {[%emt 0:00:04]} e5 {[%emt 0:00:03]} 2. Nf3 {[%emt 0:00:02]} Nc6 {[%emt 0:00:02]} 3. Bc4 {[%emt 0:00:04]} Nf6 {[%emt 0:00:07]} 4. Ng5 {[%emt 0:00:28]} d5 {[%emt 0:00:02]} 5. exd5 {[%emt 0:00:02]} Na5 {[%emt 0:00:01]} 6. Bb5+ {[%emt 0:00:04]} c6 {[%emt 0:00:02]} 7. dxc6 {[%emt 0:00:01]} bxc6 {[%emt 0:00:01]} 8. Be2 {[%emt 0:00:05]} h6 {[%emt 0:00:08]} 9. Nf3 {[%emt 0:00:07]} e4 {[%emt 0:00:10]} 10. Ne5 {[%emt 0:00:02]} Bc5 {[%emt 0:00:09]} 11. c3 {[%emt 0:00:26]} Qc7 {[%emt 0:00:10] C59: Two Knights: 4 Ng5 d5 5 exd5 Na5 5 Bb5+ c6 6 dxc6 bxc6 7 Be2} (11... Bd6 12. d4 exd3 13. Nxd3 Qc7 14. Nd2 Be6 15. b4 Nb7 16. Bb2 Bf5 17. Nf3 O-O 18. h3 Rad8 19. Nd4 {½-½ (26) Vovk,A (2641)-Stevic,H (2602) Hungary 2017}) 12. f4 {[%emt 0:03:15] LiveBook: 6 Games} (12. d4 $11 exd3 13. Nxd3) 12... Nb7 {[%emt 0:00:04]} ({Black should try} 12... exf3 $1 $15 13. Nxf3 Ng4) 13. b4 {[%emt 0:00:56]} Bb6 {[%emt 0:00:01]} 14. Na3 {[%emt 0:00:56]} O-O {[%emt 0:02:57]} 15. Nac4 {[%emt 0:00:19]} Nd6 $146 {[%emt 0:01:26]} ({Predecessor:} 15... Nd5 16. Nxb6 axb6 17. O-O Rd8 18. Qe1 f6 19. Ng6 {½-½ (29) Fekih,B (2360)-Ebert,J ICCF email 2006}) 16. Nxb6 {[%emt 0:00:38]} Qxb6 {[%emt 0:00:03]} 17. a4 {[%emt 0:00:56]} a5 {[%emt 0:00:37]} 18. bxa5 {[%emt 0:00:36]} Rxa5 {[%emt 0:01:18]} 19. Ba3 {[%emt 0:00:02]} c5 {[%emt 0:00:22]} 20. Rb1 {[%emt 0:00:59]} Qc7 {[%emt 0:00:15]} 21. O-O {[%emt 0:00:15]} Be6 {[%emt 0:00:49]} 22. Kh1 {[%emt 0:01:09]} Rfa8 {[%emt 0:00:13]} 23. d4 {[%emt 0:00:50]} cxd4 {[%emt 0:00:33]} 24. Bxd6 {[%emt 0:01:07]} Qxd6 {[%emt 0:00:02]} 25. Qxd4 {[%emt 0:00:33]} Qxd4 {[%emt 0:00:22]} 26. cxd4 {[%emt 0:00:01]} Rxa4 {[%emt 0:00:02]} 27. f5 {[%emt 0:01:10]} Ba2 {[%emt 0:01:00]} 28. Rb2 {[%emt 0:01:09]} Rxd4 {[%emt 0:01:01]} 29. Ra1 {[%emt 0:00:22]} Rda4 {[%emt 0:00:47]} 30. Bb5 {[%emt 0:01:16]} Ra3 {[%emt 0:00:31]} 31. Bc6 {[%emt 0:00:22]} Bd5 {[%emt 0:02:00]} 32. Rxa3 {[%emt 0:00:59]} Rxa3 {[%emt 0:00:01]} 33. h3 {[%emt 0:00:19]} Bxc6 {[%emt 0:00:37]} 34. Nxc6 {[%emt 0:00:01]} Rc3 {[%emt 0:02:21]} 35. Rb8+ {[%emt 0:01:19]} Kh7 {[%emt 0:00:01]} 36. Ne5 {[%emt 0:00:01]} Rc7 {[%emt 0:00:04]} 37. Rf8 {[%emt 0:01:05]} Nd7 $11 {[%emt 0:00:23]} ({Black should try} 37... Re7 $19 38. Nxf7 g6 39. Nxh6 Kxh6 40. Rxf6 e3 41. Rxg6+ Kh7) 38. Nxd7 {[%emt 0:00:30]} Rxd7 {[%emt 0:00:01]} 39. Re8 {[%emt 0:00:01]} Rd4 {[%emt 0:01:54]} 40. Re7 {[%emt 0:00:36]} f6 {[%emt 0:00:02]} 41. Re8 {[%emt 0:00:50]} h5 {[%emt 0:00:21]} 42. Kg1 {[%emt 0:00:25]} h4 {[%emt 0:01:44]} 43. Kf2 {[%emt 0:00:14]} Rd5 {[%emt 0:00:48]} 44. Rxe4 {[%emt 0:00:42]} Rxf5+ {[%emt 0:00:01]} 45. Kg1 {[%emt 0:00:10]} Rh5 {[%emt 0:00:11]} 46. Ra4 {[%emt 0:00:15]} Kh6 {[%emt 0:00:07]} 47. Kf2 {[%emt 0:00:06]} g6 {[%emt 0:00:05]} 48. Rb4 {[%emt 0:00:11]} f5 {[%emt 0:00:06]} 49. Ra4 {[%emt 0:00:11]} Kg5 {[%emt 0:00:02]} 50. Ra8 {[%emt 0:00:18]} Rh7 {[%emt 0:00:03]} 51. Kg1 {[%emt 0:00:44]} Re7 {[%emt 0:00:04]} 52. Kh2 {[%emt 0:00:08]} Kf4 {[%emt 0:00:07]} 53. Ra6 {[%emt 0:00:28]} g5 {[%emt 0:00:03]} 54. Ra8 {[%emt 0:00:20]} Re4 {[%emt 0:00:40]} 55. Rb8 {[%emt 0:00:04]} Rd4 {[%emt 0:00:11]} 56. Ra8 {[%emt 0:00:03]} Rd5 {[%emt 0:00:55]} 57. Ra4+ {[%emt 0:00:06]} Ke5 {[%emt 0:00:01]} 58. Ra8 {[%emt 0:00:01]} Rd6 {[%emt 0:00:43]} 59. Ra5+ {[%emt 0:00:13]} Kf6 {[%emt 0:00:02]} 60. Ra8 {[%emt 0:00:09]} g4 {[%emt 0:00:18]} 61. hxg4 {[%emt 0:00:04]} fxg4 {[%emt 0:00:01]} 62. Ra4 {[%emt 0:00:28]} Kg5 {[%emt 0:00:02]} 63. Ra5+ {[%emt 0:00:02]} Kf4 {[%emt 0:00:41]} 64. Ra4+ {[%emt 0:00:01]} Kf5 {[%emt 0:00:01]} 65. Ra5+ {[%emt 0:00:03]} Ke4 {[%emt 0:00:04]} 66. Rh5 {[%emt 0:00:07]} Kf4 {[%emt 0:00:06]} 67. Rxh4 {[%emt 0:00:11]} Rd1 {[%emt 0:00:06]} 68. g3+ {[%emt 0:00:36]} Kf3 {[%emt 0:00:01]} 69. Rh8 {[%emt 0:00:04]} Rd2+ {[%emt 0:00:03]} 70. Kg1 {[%emt 0:00:11]} Kxg3 {[%emt 0:00:12]} 71. Kf1 {[%emt 0:00:05]} Rd1+ {[%emt 0:00:11]} 72. Ke2 {[%emt 0:00:01]} Rg1 {[%emt 0:00:02]} 73. Rg8 {[%emt 0:01:02]} Kh2 {[%emt 0:00:01]} 74. Rh8+ {[%emt 0:00:27]} Kg2 {[%emt 0:00:02]} 75. Rh7 {[%emt 0:00:05]} g3 {[%emt 0:00:01]} 76. Rh8 {[%emt 0:00:04]} Ra1 {[%emt 0:00:03]} 77. Rb8 {[%emt 0:00:07]} Ra7 {[%emt 0:01:48]} 78. Re8 {[%emt 0:00:13]} Kh2 {[%emt 0:00:33]} 79. Rh8+ {[%emt 0:00:22]} Kg1 {[%emt 0:00:25]} 80. Rg8 {[%emt 0:00:04]} g2 {[%emt 0:00:10]} 81. Kf3 {[%emt 0:00:15]} Kf1 {[%emt 0:00:25]} 82. Rb8 Ra3+ 0-1

[Event "Morgan Stanley Charity 2018"]
[Site "Budapest"]
[Date "2018.09.14"]
[Round "4"]
[White "Lizak, Peter"]
[Black "Hoang, Thanh Trang"]
[Result "1/2-1/2"]
[WhiteElo "2443"]
[BlackElo "2423"]
[Annotator "TA"]
[PlyCount "98"]
[EventDate "2018.09.14"]
[EventType "team-tourn"]
[EventCountry "HUN"]
[SourceTitle "playchess.com"]
[Source "ChessBase"]
[SourceQuality "1"]

{[%evp 15,98,48,43,27,31,0,0,0,0,0,0,0,31,0,0,0,0,0,0,0,0,0,0,-5,16,5,6,6,7,7,6,0,8,6,6,10,16,0,0,0,0,0,5,0,0,-4,0,-4,0,0,0,0,0,0,0,0,0,-2,-2,-3,0,-5,0,0,0,0,0,0,0,0,0,0,0,0,0,0,0,0,0,0,0,0,0,0,0]} 1. d4 f5 2. Bg5 h6 3. Bh4 g5 4. e3 Nf6 5. Bg3 d6 6. h4 Rg8 7. hxg5 {A80: Dutch Defence: Unusual White second moves} hxg5 8. Nc3 e6 {LiveBook: 34 Games} 9. Be2 {White is slightly better.} (9. f3 Qe7 10. Qd2 Nc6 11. O-O-O Bd7 12. e4 f4 13. Bf2 a6 14. g3 fxg3 15. Bxg3 {0-1 (82) Bluebaum,M (2588)-Vallejo Pons,F (2684) Berlin 2015}) 9... Qe7 10. Bh5+ $146 ({Predecessor:} 10. Qd2 Nc6 11. O-O-O Qf7 12. Bf3 Bd7 13. Nb5 Kd8 14. Kb1 g4 {½-½ (23) Bredenhof,B (2213)-Cuccumini,V (2248) ICCF email 2016}) 10... Nxh5 11. Qxh5+ Qf7 $1 12. Nf3 Be7 13. Nb5 Na6 14. O-O-O Bd7 {The position is equal.} 15. a4 Bxb5 16. axb5 Nb4 17. Qxf7+ Kxf7 18. Rh7+ Rg7 19. Rdh1 {[#] Strongly threatening Be5!} Rag8 20. Rxg7+ Kxg7 21. Kd2 a5 22. bxa6 Nxa6 23. c3 Nb8 24. Ra1 Nd7 25. Ra7 Rb8 26. Ne1 e5 27. f3 Kf6 28. Nd3 Ke6 29. Ra5 {[%cal Rd4e5]} exd4 30. exd4 Nf6 31. Ra1 Kd7 32. Rh1 Rg8 33. Bf2 c6 34. Be3 Rg7 35. Rh8 Rh7 36. Rxh7 Nxh7 $11 {[%mdl 4096] Endgame KBN-KBN} 37. g4 Ke6 38. c4 fxg4 39. fxg4 d5 40. b3 dxc4 41. bxc4 b5 42. d5+ cxd5 43. cxb5 Nf6 44. b6 {[%cal Bb5b6,Bb6b7][%mdl 32] With the idea b7.} Nxg4 45. b7 Bd6 46. Bxg5 {[#] Bf4 is the strong threat.} Kd7 47. Bf4 Bxf4+ 48. Nxf4 Kc7 49. Nxd5+ Kxb7 {Precision: White = 57%, Black = 89%.} 1/2-1/2

[Event "Morgan Stanley Charity 2018"]
[Site "Budapest"]
[Date "2018.09.14"]
[Round "4"]
[White "Gara, Anita"]
[Black "Szamoskozi, Gabor"]
[Result "0-1"]
[WhiteElo "2370"]
[BlackElo "2270"]
[Annotator "NA"]
[PlyCount "102"]
[EventDate "2018.09.14"]
[EventType "team-tourn"]
[EventCountry "HUN"]
[SourceTitle "playchess.com"]
[Source "ChessBase"]
[SourceQuality "1"]
[TimeControl "1200+10"]

1. e4 {[%emt 0:00:01]} c5 {[%emt 0:00:02]} 2. Nf3 {[%emt 0:00:03]} d6 {[%emt 0:00:33]} 3. c3 {[%emt 0:00:03]} Nf6 {[%emt 0:00:47]} 4. Bd3 {[%emt 0:00:01]} g6 {[%emt 0:00:28]} 5. Bc2 {[%emt 0:00:06]} b6 {[%emt 0:01:56]} 6. O-O {[%emt 0:00:16]} Bg7 {[%emt 0:00:07]} 7. d4 {[%emt 0:00:35]} O-O {[%emt 0:00:40]} 8. Re1 {[%emt 0:00:31]} Bb7 {[%emt 0:00:36]} 9. Nbd2 {[%emt 0:01:59]} Nbd7 {[%emt 0:00:17]} 10. Nf1 {[%emt 0:00:24]} Rc8 {[%emt 0:00:42]} 11. Bf4 {[%emt 0:02:06]} Re8 {[%emt 0:04:17]} 12. Rc1 {[%emt 0:00:25]} Nf8 {[%emt 0:01:33]} 13. Qd2 {[%emt 0:00:22]} Ne6 {[%emt 0:00:39]} 14. Bh6 {[%emt 0:01:02]} Bh8 {[%emt 0:00:04]} 15. h3 {[%emt 0:00:44]} cxd4 {[%emt 0:01:15]} 16. cxd4 {[%emt 0:00:08]} d5 {[%emt 0:00:45]} 17. e5 {[%emt 0:00:13]} Ne4 {[%emt 0:00:10]} 18. Qe3 {[%emt 0:00:16]} a6 {[%emt 0:01:05]} 19. N1d2 {[%emt 0:01:14]} Nxd2 {[%emt 0:00:20]} 20. Nxd2 {[%emt 0:00:21]} f6 {[%emt 0:00:58]} 21. Qg3 {[%emt 0:01:02]} Rxc2 {[%emt 0:00:53]} 22. Rxc2 {[%emt 0:00:06]} Nxd4 {[%emt 0:00:10]} 23. Rcc1 {[%emt 0:02:03]} Nf5 {[%emt 0:00:01]} 24. Qc3 {[%emt 0:04:18]} Nxh6 {[%emt 0:00:14]} 25. Qc7 {[%emt 0:00:29]} Qxc7 {[%emt 0:02:00]} 26. Rxc7 {[%emt 0:00:01]} Bc8 {[%emt 0:00:03]} 27. f4 {[%emt 0:00:47]} fxe5 {[%emt 0:00:35]} 28. fxe5 {[%emt 0:00:02]} Bf5 {[%emt 0:00:25]} 29. Nf3 {[%emt 0:00:14]} Nf7 {[%emt 0:00:25]} 30. Rb7 {[%emt 0:01:05]} Be4 {[%emt 0:00:31]} 31. Rxb6 {[%emt 0:00:57]} Nxe5 {[%emt 0:00:09]} 32. Nxe5 {[%emt 0:00:57]} Bxe5 {[%emt 0:00:03]} 33. Rxa6 {[%emt 0:00:11]} Bxb2 {[%emt 0:00:09]} 34. a4 {[%emt 0:01:17]} e5 {[%emt 0:00:42]} 35. Rc6 {[%emt 0:00:36]} Ra8 {[%emt 0:00:27]} 36. Rf1 {[%emt 0:00:52]} Bd3 {[%emt 0:00:46]} 37. Rff6 {[%emt 0:00:09]} e4 {[%emt 0:00:10]} 38. Rfe6 {[%emt 0:00:05]} e3 {[%emt 0:00:20]} 39. Kh2 {[%emt 0:00:15]} Be4 {[%emt 0:00:10]} 40. Kg3 {[%emt 0:00:07]} Bd4 {[%emt 0:00:42]} 41. Rc1 {[%emt 0:00:13]} Kf7 {[%emt 0:00:26]} 42. Rec6 {[%emt 0:00:06]} Be5+ {[%emt 0:00:02]} 43. Kg4 {[%emt 0:00:09]} Rxa4 {[%emt 0:00:05]} 44. Kg5 {[%emt 0:00:16]} Ra2 {[%emt 0:00:17]} 45. Rf1+ {[%emt 0:00:06]} Rf2 {[%emt 0:00:01]} 46. Rcc1 {[%emt 0:00:13]} Bxg2 {[%emt 0:00:05]} 47. Rg1 {[%emt 0:00:04]} Bf4+ {[%emt 0:00:04]} 48. Kg4 {[%emt 0:00:02]} h5+ {[%emt 0:00:21]} 49. Kh4 {[%emt 0:00:01]} g5+ {[%emt 0:00:22]} 50. Kxh5 {[%emt 0:00:01]} e2 {[%emt 0:00:01]} 51. h4 {[%emt 0:00:33]} Bxc1 {[%emt 0:00:04]} 0-1

[Event "Morgan Stanley Charity 2018"]
[Site "Budapest"]
[Date "2018.09.14"]
[Round "4"]
[White "Terbe, Julianna"]
[Black "Novaky, Csaba"]
[Result "1/2-1/2"]
[WhiteElo "2260"]
[BlackElo "2088"]
[Annotator "NA"]
[PlyCount "104"]
[EventDate "2018.09.14"]
[EventType "team-tourn"]
[EventCountry "HUN"]
[SourceTitle "playchess.com"]
[Source "ChessBase"]
[SourceQuality "1"]
[TimeControl "1200+10"]

1. d4 {[%emt 0:00:02]} Nf6 {[%emt 0:00:02]} 2. Bf4 {[%emt 0:00:02]} d5 {[%emt 0:00:06]} 3. e3 {[%emt 0:00:03]} e6 {[%emt 0:00:07]} 4. Nf3 {[%emt 0:00:06]} Bd6 {[%emt 0:00:04]} 5. Bg3 {[%emt 0:00:03]} O-O {[%emt 0:00:06]} 6. Nbd2 {[%emt 0:00:02]} c5 {[%emt 0:00:35]} 7. c3 {[%emt 0:00:03]} Nc6 {[%emt 0:00:07]} 8. Bb5 {[%emt 0:00:11] D02: 1 d4 d5 2 Nf3 sidelines, including 2...Nf6 3 g3 and 2...Nf6 3 Bf4} Bxg3 {[%emt 0:01:47]} 9. hxg3 {[%emt 0:00:02]} Qb6 {[%emt 0:00:12]} 10. a4 {[%emt 0:01:05]} a6 {[%emt 0:00:17]} 11. Bxc6 {[%emt 0:00:07]} bxc6 {[%emt 0:00:09]} 12. Qc2 {[%emt 0:00:21]} Rb8 {[%emt 0:00:45]} 13. Ra2 $146 {[%emt 0:00:16]} ({Predecessor:} 13. Rb1 cxd4 14. cxd4 a5 15. Ne5 h6 {1-0 (40) So,W (2812)-Karjakin,S (2781) Stavanger 2017}) 13... a5 {[%emt 0:01:00]} 14. O-O {[%emt 0:00:23]} Ba6 {[%emt 0:00:28]} 15. Rc1 {[%emt 0:00:26]} Rfc8 {[%emt 0:00:31]} 16. Ne5 {[%emt 0:00:17]} Qc7 {[%emt 0:01:42]} 17. Ndf3 {[%emt 0:00:15]} Ne4 {[%emt 0:00:35]} 18. Nd2 {[%emt 0:02:28]} Nxd2 {[%emt 0:00:52]} 19. Qxd2 {[%emt 0:00:06]} f6 {[%emt 0:00:11]} 20. Nd3 {[%emt 0:00:38]} Bc4 {[%emt 0:00:08]} 21. Raa1 {[%emt 0:00:21]} Bxd3 {[%emt 0:00:09]} 22. Qxd3 {[%emt 0:00:02]} Rxb2 {[%emt 0:00:06]} 23. dxc5 {[%emt 0:00:31]} Qa7 {[%emt 0:01:38]} 24. Qd4 {[%emt 0:02:13]} Rcb8 {[%emt 0:00:41]} 25. c4 {[%emt 0:00:52]} R2b4 {[%emt 0:01:24]} 26. Qg4 {[%emt 0:00:38]} Re8 {[%emt 0:00:32]} 27. Qf3 {[%emt 0:00:13]} Qxc5 {[%emt 0:02:38]} ({Better is} 27... Qb7 $17) 28. cxd5 $11 {[%emt 0:00:04]} Qxd5 {[%emt 0:00:04]} 29. Rxc6 {[%emt 0:00:11]} Qe5 {[%emt 0:00:26]} 30. Rac1 {[%emt 0:02:28]} Rxa4 {[%emt 0:00:39]} 31. Qd1 {[%emt 0:01:26]} Rb4 {[%emt 0:01:31]} 32. Qd7 {[%emt 0:00:48]} Rbb8 {[%emt 0:00:18]} 33. R6c5 {[%emt 0:00:22]} Red8 {[%emt 0:01:24]} 34. Qe7 {[%emt 0:02:09]} Qd6 {[%emt 0:00:36]} 35. Qxd6 {[%emt 0:00:29]} Rxd6 {[%emt 0:00:02]} 36. Rxa5 {[%emt 0:00:01]} Rb7 {[%emt 0:00:07]} 37. g4 {[%emt 0:00:47]} Rd2 {[%emt 0:00:29]} 38. g5 {[%emt 0:01:02]} fxg5 {[%emt 0:00:38]} 39. Rxg5 {[%emt 0:00:04]} Kf7 {[%emt 0:00:34]} 40. Rc4 {[%emt 0:01:01]} Kf6 {[%emt 0:00:41]} 41. f4 {[%emt 0:01:04]} h6 {[%emt 0:00:49]} 42. Rg3 {[%emt 0:00:23]} Rb1+ {[%emt 0:01:17]} 43. Kh2 {[%emt 0:00:01]} Rdd1 {[%emt 0:00:10]} 44. Rf3 {[%emt 0:00:37]} Rf1 {[%emt 0:00:04]} 45. Rxf1 {[%emt 0:00:29]} Rxf1 {[%emt 0:00:02]} 46. Kg3 {[%emt 0:00:01]} g5 {[%emt 0:00:13]} 47. Kg4 {[%emt 0:01:33]} Kg6 {[%emt 0:00:24]} 48. fxg5 {[%emt 0:00:50]} hxg5 {[%emt 0:00:02]} 49. Rc3 {[%emt 0:00:19]} Ra1 {[%emt 0:00:09]} 50. e4 {[%emt 0:00:11]} Ra2 {[%emt 0:00:16]} 51. g3 {[%emt 0:00:06]} Ra4 {[%emt 0:00:06]} 52. Kf3 {[%emt 0:00:08]} g4+ {[%emt 0:00:05]} 1/2-1/2

[Event "Morgan Stanley Charity 2018"]
[Site "Budapest"]
[Date "2018.09.14"]
[Round "4"]
[White "Tomosvary, Attila"]
[Black "Gara, Ticia"]
[Result "0-1"]
[WhiteElo "2126"]
[BlackElo "2321"]
[Annotator "NA"]
[PlyCount "76"]
[EventDate "2018.09.14"]
[EventType "team-tourn"]
[EventCountry "HUN"]
[SourceTitle "playchess.com"]
[Source "ChessBase"]
[SourceQuality "1"]
[TimeControl "1200+10"]

1. e4 {[%emt 0:00:05]} c5 {[%emt 0:00:02]} 2. Nc3 {[%emt 0:00:04]} e6 {[%emt 0:00:07]} 3. f4 {[%emt 0:00:06]} Nc6 {[%emt 0:00:05]} 4. Nf3 {[%emt 0:00:10]} a6 {[%emt 0:00:14]} 5. g3 {[%emt 0:00:28]} d5 {[%emt 0:01:02]} 6. d3 {[%emt 0:00:18]} Nf6 {[%emt 0:00:11]} 7. e5 {[%emt 0:00:11]} d4 {[%emt 0:00:25]} 8. Ne2 {[%emt 0:01:03]} Nd5 {[%emt 0:00:16]} 9. Bg2 {[%emt 0:00:13]} Be7 {[%emt 0:00:28]} 10. O-O {[%emt 0:00:06]} O-O {[%emt 0:00:18]} 11. h3 {[%emt 0:00:28]} b5 {[%emt 0:00:11]} 12. g4 {[%emt 0:00:36]} Qc7 {[%emt 0:02:33]} 13. Ng3 {[%emt 0:00:35]} c4 {[%emt 0:00:52]} 14. a3 {[%emt 0:00:31]} cxd3 {[%emt 0:01:16]} 15. cxd3 {[%emt 0:00:22]} Bb7 {[%emt 0:01:29]} 16. Ne4 {[%emt 0:00:31]} Qb6 {[%emt 0:01:50]} 17. Qe2 {[%emt 0:01:49]} Na5 {[%emt 0:02:16]} 18. Qd1 {[%emt 0:07:09]} Rfd8 {[%emt 0:02:00]} 19. b4 {[%emt 0:02:18]} Nc6 {[%emt 0:00:01]} 20. Qe2 {[%emt 0:00:36]} a5 {[%emt 0:01:02]} 21. bxa5 {[%emt 0:00:31]} Nxa5 {[%emt 0:00:13]} 22. f5 {[%emt 0:00:33]} Nb3 {[%emt 0:00:57]} 23. Rb1 {[%emt 0:00:45]} Nxc1 {[%emt 0:00:32]} 24. Rfxc1 {[%emt 0:00:23]} Nf4 {[%emt 0:02:53]} 25. Qd2 {[%emt 0:01:07]} Nxg2 {[%emt 0:00:18]} 26. Kxg2 {[%emt 0:00:12]} Bxe4 {[%emt 0:01:05]} 27. dxe4 {[%emt 0:00:04]} Rxa3 {[%emt 0:00:11]} 28. f6 {[%emt 0:00:58]} gxf6 {[%emt 0:00:18]} 29. Qh6 {[%emt 0:00:16]} Rxf3 {[%emt 0:01:03]} 30. Kxf3 {[%emt 0:00:22]} fxe5 {[%emt 0:00:02]} 31. Qd2 {[%emt 0:00:38]} b4 {[%emt 0:00:24]} 32. Qd3 {[%emt 0:00:22]} Ra8 {[%emt 0:00:10]} 33. Rc4 {[%emt 0:00:22]} Ra2 {[%emt 0:00:13]} 34. Rb3 {[%emt 0:00:33]} Kg7 {[%emt 0:00:15]} 35. Kg3 {[%emt 0:00:11]} Qa6 {[%emt 0:00:10]} 36. Rc7 {[%emt 0:00:24]} Qd6 {[%emt 0:00:07]} 37. Qc4 {[%emt 0:00:20]} Qd8 {[%emt 0:00:07]} 38. g5 {[%emt 0:00:27]} Bxg5 {[%emt 0:00:07]} 0-1